El celebre catecismo de la doctrina christiana (Record no. 8455)

MARC details
000 -CABECERA
campo de control de longitud fija 01282nam a2200253 a 4500
001 - NÚMERO DE CONTROL
campo de control BRCA_8804
005 - FECHA Y HORA DE LA ÚLTIMA TRANSACCIÓN
campo de control 20190320210423.0
008 - DATOS DE LONGITUD FIJA--INFORMACIÓN GENERAL
campo de control de longitud fija 210417s1770----sp-#######---#000-0#spa-#
041 ## - CÓDIGO DE LENGUA
Código de lengua del texto/banda sonora o título independiente spa
044 ## - CÓDIGO DEL PAÍS DE LA ENTIDAD EDITORA/PRODUCTORA
Código MARC del país sp
084 ## - OTRO NÚMERO DE CLASIFICACIÓN
Número de clasificación BE183
Número de documento/Ítem .B67 1770
100 1# - ENTRADA PRINCIPAL--NOMBRE DE PERSONA
Nombre de persona Bossuet, Jacobo Benigno
9 (RLIN) 21906
245 10 - MENCIÓN DE TÍTULO
Título El celebre catecismo de la doctrina christiana
Mención de responsabilidad, etc. dispuesto por el Ilmo. Sr. Jacobo Benigno Bossuet; traducidos de el francés por Don Miguel Joseph Fernández...
260 ## - PUBLICACIÓN, DISTRIBUCIÓN, ETC.
Lugar de publicación, distribución, etc. Madrid
Nombre del editor, distribuidor, etc. Por Andrés Ortega
Fecha de publicación, distribución, etc. 1770
300 ## - DESCRIPCIÓN FÍSICA
Extensión XXVIII, 438 p.
Dimensiones 19.7 x 15 cm.
500 ## - NOTA GENERAL
Nota general Con las licencias necesarias
500 ## - NOTA GENERAL
Nota general En portada: es mui útil, no solo para los niños, si también para los jóvenes, y los Ancianos, pues instruye à los Maestros de fuerte, que estos pueden enseñar con todo acierto à sus Discipulos
500 ## - NOTA GENERAL
Nota general En portada: Si nite párvulos venire ad me, ne prohibueritis eos: tailumenime est Regnum Dei. Matth. XIX. Vers. 14. Mrc. X. vers. 14
500 ## - NOTA GENERAL
Nota general Estado físico: presenta encuadernación rota en papel con anotaciones, con lomo desprendido, algunas hojas manchadas y algunos cuadernillos sueltos
650 14 - PUNTO DE ACCESO ADICIONAL DE MATERIA--TÉRMINO DE MATERIA
Término de materia o nombre geográfico como elemento de entrada Iglesia católica
Subdivisión de forma Catecismo
Subdivisión general Español
9 (RLIN) 21942
700 1# - PUNTO DE ACCESO ADICIONAL--NOMBRE DE PERSONA
Nombre de persona Fernández, Miguel Joseph
Término indicativo de función/relación tr.
9 (RLIN) 21943
902 ## - CATALOGADOR
Iniciales CFM
942 ## - ELEMENTOS DE PUNTO DE ACCESO ADICIONAL (KOHA)
Fuente del sistema de clasificación o colocación Library of Congress Classification
Tipo de ítem Koha Libros
Holdings
Estado de retiro Estado de pérdida Estado dañado No para préstamo Localización permanente Ubicación/localización actual Fecha de adquisición Total de préstamos Signatura topográfica completa Código de barras Fecha visto por última vez Precio válido a partir de Tipo de ítem Koha
El ejemplar forma parte de la colección y puede ser consultado según las políticas vigentes.       Biblioteca del Museo Franz Mayer (Rogerio Casas-Alatriste) Biblioteca del Museo Franz Mayer (Rogerio Casas-Alatriste) 21/04/2017   BE183 .B67 1770 CFM00129 22/03/2019 22/03/2019 Libros